=LDR 00000nam 2200000 4500 =001 INLIS000000000050077 =005 20170419081805.0 =006 =007 =008 =020 ##$$a 978 - 602-9251-19-7 =035 ##$$0010-041700000000267 =040 ##$$a NBPDMAT =082 ##$$a 398.209 =090 ##$$a 398.209 Fan k =100 ##$$a Fanani, Zaenal =245 ##$$a Ken Arok : $b Cinta dan Tahta / $c Zaenal Fanani =250 ##$$a Cet. 1 =260 ##$$a Solo : $b Tiga Serangkai, $c 2013 =300 ##$$a viii, 536 hlm. ; $c 21 cm. =650 ##$$a Cerita Rakyat